Faith is a Forest Quiz Stats

 Plays Quiz not verified by Sporcle

Challenge
Share
Tweet
Embed
Score 0/167 Timer 10:00
0 Plays Today
Hint Answer % Correct
Faith
100%
is
100%
a
100%
forest
100%
in
100%
and
100%
the
100%
of
100%
to
100%
be
100%
in
100%
and
100%
of
100%
and
100%
in
100%
by
100%
of
100%
to
100%
be
100%
in
100%
and
100%
and
100%
the
100%
of
100%
and
100%
in
100%
of
100%
to
100%
be
100%
in
100%
and
100%
which
75%
this
75%
all
75%
my
75%
my
75%
this
75%
all
75%
do
75%
are
75%
this
75%
all
75%
my
75%
my
75%
this
75%
all
75%
do
75%
this
75%
all
75%
my
75%
my
75%
this
75%
all
75%
do
75%
hide
50%
I
50%
Hint Answer % Correct
commitment
50%
I
50%
believe.
50%
guide
50%
as
50%
I
50%
way,
50%
me
50%
day;
50%
through
50%
me
50%
I
50%
I
50%
me
50%
I
50%
believe
50%
guide
50%
as
50%
I
50%
way,
50%
me
50%
day
50%
through
50%
I
50%
I
50%
commitment
50%
I
50%
believe
50%
guide
50%
as
50%
I
50%
way,
50%
me
50%
day
50%
through
50%
me
50%
I
50%
doubts
25%
play
25%
can
25%
hear
25%
inside;
25%
Web
25%
Life
25%
may
25%
thread
25%
weave
25%
strengthen
25%
seek
25%
into
25%
say
25%
Web
25%
Life,
25%
may
25%
thread
25%
weave
25%
Hint Answer % Correct
help
25%
Justice
25%
seek
25%
into
25%
mem
25%
say.
25%
ride
25%
winds
25%
seem
25%
Web
25%
Life
25%
may
25%
thread
25%
weave
25%
strengthen
25%
Mercy
25%
seek
25%
into
25%
say.
25%
insight
0%
still
0%
small
0%
voice
0%
deep
0%
Vision
0%
lead
0%
tender
0%
speak
0%
Seeds
0%
both
0%
meek
0%
strong
0%
scattered
0%
air;
0%
dignity
0%
shines
0%
undimmed
0%
bigotry's
0%
glare
0%
bear
0%
witness
0%
lead
0%
tender
0%
speak
0%
Fortune
0%
famine
0%
swift
0%
chance,
0%
sorrow
0%
pleasure
0%
united
0%
dance
0%
lead
0%
tender
0%
speak
0%

You're not logged in!

Compare scores with friends on all Sporcle quizzes.
Join for Free
OR
Log In

You Might Also Like...

Show Comments

Extras

Created Feb 10, 2017ReportNominate
Tags:faith, forest

Top Quizzes Today


Score Distribution

Your Account Isn't Verified!

In order to create a playlist on Sporcle, you need to verify the email address you used during registration. Go to your Sporcle Settings to finish the process.

Report this User

Report this user for behavior that violates our Community Guidelines.

Details: